Richest Celebrities - Statistics

General Stats
  • This quiz has been taken 800 times
    742 since last reset
  • The average score is 15 of 50
Answer Stats
Net Worth Claim to Fame Celebrity % Correct
$1 billion Harry Potter author JK Rowling
81%
$650 million Rapper with 15 platinum records; Beyonce's husband Jay-Z
76%
$800 million "Like a Virgin" singer and author of the book "Sex" Madonna
71%
$450 million Destiny's Child frontwoman Beyonce Knowles
68%
$630 million Canadian singer of Titanic soundtrack fame Celine Dion
65%
$3.5 billion Jurassic Park director Steven Spielberg
65%
$5.1 billion Star Wars director and merchandising mogul George Lucas
64%
$1.2 billion Beatle Paul McCartney
64%
$400 million Edward Scissorhands and Capt. Jack Sparrow Johnny Depp
62%
$2.9 billion TV host and media mogul Oprah Winfrey
51%
$700 million Avatar director James Cameron
46%
$500 million She married a Beatle Yoko Ono
46%
$520 million Diva with 5 octave vocal range Mariah Carey
45%
$500 million Country music singer with enormous jugs Dolly Parton
42%
$425 million Braveheart actor and director Mel Gibson
42%
$450 million Intense actor who jumps on couches Tom Cruise
42%
$550 million Wiggles record producer; rude American Idol judge Simon Cowell
41%
$450 million Pop star who sometimes dresses as waterfowl Elton John
40%
$600 million Irish pop star and philanthropist Bono
35%
$800 million Comedian and star of sitcom about nothing Jerry Seinfeld
35%
$450 million "Hobbit" director Peter Jackson
34%
$810 million "Straight Outta Compton" rapper Dr. Dre
33%
$400 million Author of "Cujo" and "The Stand" Stephen King
32%
$700 million Rapper who can't settle on just one silly name P Diddy
31%
$500 million Simpsons creator Matt Groening
25%
$800 million Magician who romances European supermodels David Copperfield
23%
$550 million Radio shock jock Howard Stern
23%
$600 million Heiress and wife of 90210 producer Aaron Candy Spelling
22%
$400 million "Easy Rider" and "As Good As It Gets" actor Jack Nicholson
21%
$500 million Cuban singer of Miami Sound Machine Gloria Estefan
20%
$400 million Producer, actor, friend of Jerry Seinfeld Larry David
19%
$400 million Talk show host succeeded by Stephen Colbert David Letterman
15%
$400 million Celebrity chef Jamie Oliver
15%
$400 million Musclebound actor with speech impediment Sylvestor Stallone
14%
$600 million Bollywood star of "My Name is Khan" Shahrukh Khan
13%
$500 million Brazilian author of "The Alchemist" Paul Coelho
12%
$430 million Probably the worst director since Ed Wood Michael Bay
11%
$400 million Actor/director who likes to dress in drag Tyler Perry
11%
$800 million Garfield cartoonist Jim Davis
8%
$2 billion Twister actress; wife of Tony Ressler Jami Gertz
4%
$850 million "Whipped Cream and Other Delights" musician Herb Alpert
3%
$500 million New York socialite disfigured by plastic surgery Jocelyn Wildenstein
3%
$1.2 billion Model; Formula One trophy wife Slavica Ecclestone
3%
$400 million Comedian who loves that jiggle Bill Cosby
2%
$5 billion Post Cereals heiress; Operation Petticoat actress Dina Merrill
2%
$860 million British sex toys tycoon Jacqueline Gold
2%
$400 million Musician of choice for drunk college girls in the 90s Jimmy Buffett
2%
$375 million Best-selling living author of all time Danielle Steele
1%
$400 million "Worst Person in the World" multiple winner Rush Limbaugh
1%
$400 million "Misty" singer Johnny Mathis
0%
No matching quizzes found
Score Distribution
Percent of People with Each Score
Percentile by Number Answered
Your Score History
You have not taken this quiz since the last reset